Stolice w pustych kwadratach na mapie świata - Statystyki

Ogólne statystyki
  • Ten quiz został rozwiązany 160 razy
  • Średni wynik to 42 z 66
Odpowiedzi na mapie
Odpowiedzi zakodowano w zielono-czerwonej skali na mapie do tego quizu, zgodnie z poniższymi procentami.
 
Statystyki odpowiedzi
Box % Poprawnych
Moskwa
98%
Sztokholm | Helsinki | Tallinn | Ryga | Wilno | Mińsk | Warszawa | Berlin | Kopenhaga
96%
Waszyngton, DC | Ottawa
96%
Dublin | Londyn | Amsterdam | Oslo
95%
Rzym | Watykan | San Marino | Ateny | Belgrad | Bratysława | Wiedeń | Lublana | Kiszyniów | Kijów | Bukareszt | Skopje | Podgorica | Prisztina | Budapeszt | Praga | Zagrzeb | Sofia | Sarajewo | Tirana
95%
Lizbona | Madryt | Andorra la Vella | Paryż | Luksemburg | Bruksela| Berno | Vaduz | Monako
94%
Nikozja | Kair | Bejrut | Jerozolima | Amman | Damaszek | Bagdad | Kuwejt | Rijad | Manama
91%
Pekin | Pjongjang | Seul
91%
Buenos Aires | Montevideo
89%
Kijów | Ankara | Tbilisi | Erywań | Baku
89%
Mexico City | Gwatemala City | San Salvador
89%
Tokio
89%
Brasília
85%
Lizbona
83%
Rabat | Tunis | Algier
83%
Rejkiawik
82%
Rejkiawik
82%
Islamabad | New Delhi | Katmandu | Thimphu
80%
San Salvador | Belmopan | Tegucigalpa | Managua | Kingston | Hawana | Port-au-Prince | Santo Domingo
80%
Tajpej | Seul
78%
Canberra
77%
San José | Panama City | Bogotá | Quito
77%
Ułan Bator
77%
Lima
76%
Santiago
75%
Teheran | Doha | Abu Dhabi | Kabul
73%
Hanoi | Wientian | Bangkok | Naypyidaw | Phnom Penh
72%
Nur-Sułtan | Biszkek
72%
Caracas | Georgetown | Paramaribo | Port-of-Spain
70%
Caracas | Kingstown | Castries | Basseterre | Saint George's | Roseau | Bridgetown | Saint John's
69%
Dżakarta
69%
Singapur | Kuala Lumpur
69%
Addis Ababa | Nairobi | Dżuba | Mogadiszu | Kampala
68%
Wellington
67%
Dhaka
65%
La Paz | Sucre | Asunción
65%
Praia | Bandżul | Nawakszut | Bissau | Dakar
65%
Valletta | Trypolis
63%
Manila
61%
Sana | Dżibuti | Asmara | Chartum
61%
Abu Dhabi | Muskat
59%
Jamusukro | Akra | Porto-Novo | Kotonu | Lomé | Libreville | São Tomé | Malabo | Abudża
59%
Kinszasa | Brazzaville | Luanda | Gitega | Lusaka
56%
Windhuk | Pretoria | Bloemfontein | Maseru | Mbabane | Gaborone | Harare
56%
Cape Town | Maseru
53%
Sri Dźajawardanapura Kotte | Malé
49%
Duszanbe | Aszchabad | Taszkient
48%
Harare | Mbabane | Maputo | Antanarywa
47%
Nassau
45%
Niamey | Bamako | Wagadugu
42%
Dodoma | Lilongwe | Moroni
41%
Konakry | Monrovia | Freetown
41%
Dili
40%
Port Moresby
39%
Ndżamena
38%
Kigali | Bangi | Jaunde
37%
Nuku'alofa | Suva
35%
Victoria
35%
Bandar Seri Begawan
32%
Yaren | Palikir
32%
Funafuti | Apia
30%
Port Louis
29%
Honiara
22%
Ngerulmud
22%
Port Vila
19%
Tarawa Południowa | Majuro
18%
Nie znaleziono quizów pasujących do podanych kryteriów
Rozkład punktacji
Procent ludzi z każdym wynikiem
Percentyl według liczby udzielonych odpowiedzi
Twoja historia wyników
Nie rozwiązałeś tego quizu